000 01241cam a2200337 a 4500
001 13005995
003 OSt
005 20240409122732.0
008 021119s2002 enka b 001 0 eng
010 _a 2002726861
015 _aGBA2-49649
020 _a0198742673
035 _a(OCoLC)ocm50301566
040 _aUKM
_cUKM
_dEYE
_dDLC
042 _alccopycat
050 0 0 _aGE45.D37
_bC36 2002
082 0 4 _a333.7 CAM 1994
_221
100 1 _aCamara, Antonio S.
_912230
245 1 0 _aEnvironmental Systems :
_ba multidimensional approach
260 _aOxford ;
_bOxford University Press,
_c1994.
300 _axxv, 312 p. :
_bill. ;
_c24 cm.
440 0 _aSpatial information systems
_912231
504 _aIncludes bibliographical references and indexes.
650 0 _aEnvironmental sciences
_912232
650 0 _aEnvironmental conservation
_912233
856 4 1 _3Table of contents only
_uhttp://www.loc.gov/catdir/toc/fy038/2002726861.html
856 4 2 _3Publisher description
_uhttp://www.loc.gov/catdir/enhancements/fy0614/2002726861-d.html
906 _a7
_bcbc
_ccopycat
_d2
_encip
_f20
_gy-gencatlg
942 _2ddc
_cO_SHELF
999 _c5869
_d5869